| 000 | 00582nam a22001697a 4500 | ||
|---|---|---|---|
| 999 |
_c9377 _d9377 |
||
| 008 | 210408b ||||| |||| 00| 0 eng d | ||
| 040 | _aBMS College of Architecture | ||
| 100 | _aShekar, K M Arun | ||
| 245 | _aPromoting heritage as an Urban asset for inner city development Vijapura | ||
| 300 | _a49p. | ||
| 500 | _a1BM13AHD04 | ||
| 502 |
_8M,Arch (Habitat Design) _NBMS College of Architecture, Visvesvaraya Technological University _aDissertation _d2015 |
||
| 650 | _aVijapura | ||
| 700 |
_aMamatha P Raj _eGuide |
||
| 700 |
_aSadashiv Chakravarthy _eGuide |
||
| 942 |
_2ddc _cPGTHE |
||